| 000 | 01075nam a22003257a 4500 | ||
|---|---|---|---|
| 001 | 0074 | ||
| 003 | DO-SdBNP | ||
| 005 | 20171109111802.0 | ||
| 007 | 0074 | ||
| 008 | 151007b sp 1994 xxu||||| |||| 00| 0 spa d | ||
| 020 | _a9788485252336 | ||
| 040 |
_aBPMSU _bspa _cBPMSU |
||
| 082 | 4 |
_a371.9142 _bP281d, 1992 |
|
| 100 | 1 | 0 | _aPascual García, Pilar |
| 245 | 1 | 3 |
_aLa dislalia : _bnaturaleza, diagnostico y rehabilitación / _cPilar Pascual García |
| 250 | _a9a. ed. | ||
| 260 | 0 |
_aMadrid : _bCiencias de la Educación Preescolar y Especial, _c1992 |
|
| 300 |
_a185 p. : _bil., _c24 cm. |
||
| 490 | 1 |
_aEducación especial _v10 |
|
| 500 | _aIncluye referencias bibliográficas y notas al pie de las páginas | ||
| 504 | _aBibliografia: p. 181-182 | ||
| 650 | 4 | _a TRASTORNOS DEL HABLA | |
| 650 | 4 | _aTRASTORNOS DE LA PRONUNCIACIÓN EN NIÑOS | |
| 650 | 4 | _aDISLALIA | |
| 830 | 0 | 0 |
_aEducación especial _n10 |
| 910 | _aValidado. Control de calidad MFF | ||
| 942 |
_2ddc _cBK |
||
| 945 | _aInventariado extranjero / 2017 VM | ||
| 956 |
_aBTAVÁREZ _b10 _c20151105 _d0074 |
||
| 999 |
_c8338 _d8338 |
||